Значение стратегии позиционирования бренда в информационной конкуренции; Информационные технологии в науке, управлении, социальной сфере и медицине

Dettagli Bibliografici
Parent link:Информационные технологии в науке, управлении, социальной сфере и медицине.— 2015.— [С. 419-422]
Autore principale: Прудникова К. О.
Ente Autore: Национальный исследовательский Томский политехнический университет (ТПУ)
Riassunto:Заглавие с титульного экрана
At present, the world is exacerbated by competition for consumers. In turn, the brand serves a critical competitive factor, since this ratio and a set of consumer perceptions about this product or service. Brand positioning facilitates the process of selecting the right product for the buyer among a large number of goods - analogues. Manufacturers seek the loyalty of consumers to their services and products to enhance their competitiveness. This is manifested in the fact that the producers at the expense of brands and creating advertising images form the desired performance in the minds of consumers and the desire to buy a particular product. To date, the behavior of the modern consumer in the process of selecting a product predominant emotional motive.
Lingua:russo
Pubblicazione: 2015
Serie:Информационные технологии в маркетинге
Soggetti:
Accesso online:http://earchive.tpu.ru/handle/11683/17181
http://www.lib.tpu.ru/fulltext/c/2015/C24/184.pdf
Natura: MixedMaterials Elettronico Capitolo di libro
KOHA link:https://koha.lib.tpu.ru/cgi-bin/koha/opac-detail.pl?biblionumber=613923

MARC

LEADER 00000naa2a2200000 4500
001 613923
005 20231101132801.0
035 |a (RuTPU)RU\TPU\conf\12081 
035 |a RU\TPU\conf\12079 
090 |a 613923 
100 |a 20150903d2015 k y0rusy50 ca 
101 0 |a rus  |d eng 
102 |a RU 
105 |a y z 101zy 
135 |a drcn ---uucaa 
181 0 |a i  
182 0 |a b 
200 1 |a Значение стратегии позиционирования бренда в информационной конкуренции  |d The value of the brand positioning strategy in the information competition  |f К. О. Прудникова 
203 |a Текст  |c электронный 
225 1 |a Информационные технологии в маркетинге 
230 |a 1 компьютерный файл (pdf; 584 Kb) 
300 |a Заглавие с титульного экрана 
320 |a [Библиогр.: с. 422 (3 назв.)] 
330 |a At present, the world is exacerbated by competition for consumers. In turn, the brand serves a critical competitive factor, since this ratio and a set of consumer perceptions about this product or service. Brand positioning facilitates the process of selecting the right product for the buyer among a large number of goods - analogues. Manufacturers seek the loyalty of consumers to their services and products to enhance their competitiveness. This is manifested in the fact that the producers at the expense of brands and creating advertising images form the desired performance in the minds of consumers and the desire to buy a particular product. To date, the behavior of the modern consumer in the process of selecting a product predominant emotional motive. 
337 |a Adobe Reader 
463 0 |0 (RuTPU)RU\TPU\conf\11725  |t Информационные технологии в науке, управлении, социальной сфере и медицине  |o сборник научных трудов II Международной конференции, 19-22 мая 2015 г., Томск  |f Национальный исследовательский Томский политехнический университет (ТПУ) ; ред. кол. О. Г. Берестнева [и др.]  |v [С. 419-422]  |d 2015 
510 1 |a The value of the brand positioning strategy in the information competition  |z eng 
610 1 |a труды учёных ТПУ 
610 1 |a электронный ресурс 
610 1 |a конкуренция 
610 1 |a бренды 
610 1 |a производители 
610 1 |a товары 
610 1 |a позиционирование 
700 1 |a Прудникова  |b К. О. 
712 0 2 |a Национальный исследовательский Томский политехнический университет (ТПУ)  |c (2009- )  |2 stltpush  |3 (RuTPU)RU\TPU\col\15902 
801 2 |a RU  |b 63413507  |c 20210129  |g RCR 
856 4 |u http://earchive.tpu.ru/handle/11683/17181 
856 4 |u http://www.lib.tpu.ru/fulltext/c/2015/C24/184.pdf 
942 |c BK